| 000 | 00876nam a22001697a 4500 | ||
|---|---|---|---|
| 003 | OSt | ||
| 005 | 20251214160159.0 | ||
| 008 | 251214b |||||||| |||| 00| 0 eng d | ||
| 040 | _cDCL | ||
| 082 | _a၉၁၅ | ||
| 100 | 0 |
_aသောတုဇန၊ _cတက္ကသိုလ်- |
|
| 245 | 1 | 0 |
_aနိုင်ငံရပ်ခြားခရီးသွား မှတ်တမ်းများ / _cတက္ကသိုလ်သောတုဇန(မဟာဓမ္မာစရိယ)။ |
| 264 |
_aမန္တလေး ၊ _bနိုင်ငံတော်ပရိယတ္တိ သာသနာ့တက္ကသိုလ်၊ _c၂၀၁၇။ |
||
| 300 |
_a၁၉၅ စာမျက်နှာ ၊ _c၂၁ စင်တီ။ |
||
| 650 |
_aခရီးသွားမှတ်တမ်း _zအရှ။ |
||
| 942 |
_2ddc _cSHORT TERM _n0 |
||
| 999 |
_c2699 _d2699 |
||